[Event "Titled Tuesday intern op 24th Aug"]
[Site "Chess.com INT"]
[Date "2021.08.24"]
[Round "4"]
[White "Boskovic, Drasko"]
[Black "Radu, David Cr"]
[Result "1-0"]
[WhiteElo "2457"]
[BlackElo "1928"]
[PlyCount "140"]
[EventDate "2021.08.24"]
[EventType "swiss (blitz)"]
[EventRounds "11"]
[EventCountry "USA"]
[SourceTitle "EXT 2022"]
[Source "ChessBase"]
[SourceDate "2021.10.06"]
[SourceVersion "1"]
[SourceVersionDate "2021.10.06"]
[SourceQuality "1"]

1. e4 g6 2. d4 Bg7 3. Nc3 d6 4. g3 Nf6 5. Bg2 0-0 6. Nge2 e5 7. 0-0 Nc6 8. d5 Ne7 9. h3 Ne8 10. Be3 f5 11. f4 Nf6 12. Qd2 fxe4 13. fxe5 dxe5 14. Bg5 Nfxd5 15. Nxe4 Bf5 16. g4 Bxe4 17. Bxe4 Nf6 18. Qxd8 Raxd8 19. Bxb7 Rb8 20. Ba6 Rxb2 21. Bc4+ Kh8 22. Bb3 Ned5 23. Ng3 Rb8 24. Rad1 Nc3 25. Rde1 Nd7 26. Rf7 Nc5 27. Rxc7 Nxb3 28. cxb3 Nd5 29. Rxa7 h6 30. Bc1 Rc2 31. Ne4 Rbc8 32. Ba3 Nf4 33. Re3 Rxa2 34. Bc5 Rxa7 35. Bxa7 Rc1+ 36. Kh2 Rc2+ 37. Kg3 Rg2+ 38. Kf3 Rh2 39. Nf2 Nxh3 40. Nxh3 Rxh3+ 41. Ke4 Rh4 42. Rg3 h5 43. b4 Rxg4+ 44. Rxg4 hxg4 45. b5 Bf8 46. Bb8 Bc5 47. Bxe5+ Kh7 48. Bd4 Bd6 49. b6 g3 50. b7 g2 51. Kf3 g1Q 52. Bxg1 Bb8 53. Ke4 Kg7 54. Kd5 Kf7 55. Kc6 Bg3 56. Bb6 Kg7 57. Bc7 Bxc7 58. Kxc7 g5 59. b8Q g4 60. Qd8 g3 61. Qd7+ Kg6 62. Qg4+ Kf6 63. Qxg3 Ke6 64. Qf3 Ke5 65. Kc6 Ke6 66. Qf4 Ke7 67. Kd5 Kd7 68. Qh6 Kc8 69. Qg7 Kb8 70. Kc6 Ka8 1-0

[Event "Titled Tuesday intern op 24th Aug"]
[Site "Chess.com INT"]
[Date "2021.08.24"]
[Round "3"]
[White "Radu, David Cr"]
[Black "Lohani, Sujana"]
[Result "1-0"]
[WhiteElo "1928"]
[BlackElo "1675"]
[PlyCount "99"]
[EventDate "2021.08.24"]
[EventType "swiss (blitz)"]
[EventRounds "11"]
[EventCountry "USA"]
[SourceTitle "EXT 2022"]
[Source "ChessBase"]
[SourceDate "2021.10.06"]
[SourceVersion "1"]
[SourceVersionDate "2021.10.06"]
[SourceQuality "1"]

1. e4 c6 2. d4 d5 3. exd5 cxd5 4. Bf4 Nc6 5. c3 Nf6 6. Bd3 g6 7. Nf3 Bg7 8. 0-0 0-0 9. Nbd2 Bf5 10. Be2 Re8 11. Ne5 Ne4 12. Nxe4 Bxe4 13. Nxc6 bxc6 14. Qa4 Qb6 15. b4 e5 16. dxe5 Bxe5 17. Be3 Qc7 18. Bd4 a5 19. b5 Bxd4 20. cxd4 Bxg2 21. Kxg2 Rxe2 22. bxc6 Rc8 23. Rac1 h5 24. Rc5 h4 25. h3 Kg7 26. Qa3 Qd6 27. Rfc1 Rc7 28. Qf3 Re6 29. Rxd5 Qb4 30. Rd7 Rxd7 31. cxd7 Rd6 32. Rc7 Qxd4 33. d8Q Rxd8 34. Qxf7+ Kh6 35. Qh7+ Kg5 36. Qe7+ Kh6 37. Rc5 Rd5 38. Qf8+ Kg5 39. Rc6 Qe4+ 40. Qf3 Qxf3+ 41. Kxf3 Rb5 42. Kg2 Rb2 43. Rc5+ Kf4 44. Rxa5 g5 45. a4 Ra2 46. Ra8 Ke4 47. a5 Kf5 48. a6 Ke6 49. a7 Kd7 50. Rh8 1-0

[Event "Titled Tuesday intern op 17th Aug"]
[Site "Chess.com INT"]
[Date "2021.08.17"]
[Round "1"]
[White "Barp, Alberto"]
[Black "Radu, David Cr"]
[Result "1-0"]
[WhiteElo "2389"]
[BlackElo "1928"]
[PlyCount "65"]
[EventDate "2021.08.17"]
[EventType "swiss (blitz)"]
[EventRounds "11"]
[EventCountry "USA"]
[SourceTitle "EXT 2022"]
[Source "ChessBase"]
[SourceDate "2021.10.06"]
[SourceVersion "1"]
[SourceVersionDate "2021.10.06"]
[SourceQuality "1"]

1. c4 e6 2. g3 d5 3. Bg2 Nf6 4. Nf3 Be7 5. 0-0 0-0 6. b3 c5 7. cxd5 exd5 8. d4 Nc6 9. Bb2 h6 10. Nc3 Be6 11. Rc1 Rc8 12. dxc5 Bxc5 13. Nb5 Be7 14. Nfd4 Qb6 15. Nxe6 fxe6 16. Nd4 Nxd4 17. Qxd4 Bc5 18. Qd3 Ng4 19. e3 Rfe8 20. h3 Nf6 21. Bxf6 gxf6 22. Qg6+ Kh8 23. Qxh6+ Kg8 24. Qg6+ Kh8 25. Qxf6+ Kh7 26. Qf7+ Kh8 27. Qh5+ Kg7 28. Qg5+ Kf7 29. Bf3 Rh8 30. Bh5+ Rxh5 31. Qxh5+ Kg7 32. Qg4+ Kf7 33. b4 1-0

[Event "Titled Tuesday intern op 17th Aug"]
[Site "Chess.com INT"]
[Date "2021.08.17"]
[Round "2"]
[White "Radu, David Cr"]
[Black "Divya, Deshmukh"]
[Result "1/2-1/2"]
[WhiteElo "1928"]
[BlackElo "2305"]
[PlyCount "108"]
[EventDate "2021.08.17"]
[EventType "swiss (blitz)"]
[EventRounds "11"]
[EventCountry "USA"]
[SourceTitle "EXT 2022"]
[Source "ChessBase"]
[SourceDate "2021.10.06"]
[SourceVersion "1"]
[SourceVersionDate "2021.10.06"]
[SourceQuality "1"]

1. e4 c5 2. Nf3 d6 3. d4 cxd4 4. Nxd4 Nf6 5. Nc3 a6 6. Bc4 e5 7. Nf3 Be7 8. 0-0 0-0 9. Qe2 Nc6 10. h3 Be6 11. Bxe6 fxe6 12. Qc4 d5 13. exd5 exd5 14. Qb3 Na5 15. Qa4 d4 16. b4 b5 17. Qxa5 dxc3 18. Nxe5 Qd5 19. Nf3 Ne4 20. Be3 Rxf3 21. gxf3 Nd2 22. Bxd2 cxd2 23. Qa3 Rf8 24. Qe3 Bxb4 25. Qe4 Qg5+ 26. Qg4 Qxg4+ 27. fxg4 Bc3 28. Rad1 b4 29. f4 Re8 30. Kg2 Re2+ 31. Rf2 Re1 32. Rfxd2 Bxd2 33. Rxd2 Ra1 34. c3 bxc3 35. Rc2 a5 36. Rxc3 Rxa2+ 37. Kg3 a4 38. Rc8+ Kf7 39. Ra8 h6 40. f5 Kf6 41. Ra6+ Ke5 42. Kh4 a3 43. Ra5+ Kf4 44. Kh5 Kg3 45. Kg6 Kxh3 46. Kxg7 Kxg4 47. f6 Rf2 48. f7 h5 49. Rxa3 h4 50. Ra4+ Kg3 51. f8Q Rxf8 52. Kxf8 h3 53. Ra3+ Kg2 54. Rxh3 Kxh3 1/2-1/2

[Event "ROM-ch U14"]
[Site "Mamaia"]
[Date "2021.04.12"]
[Round "8"]
[White "Radu, David Cr"]
[Black "Tudor, Henry Edward"]
[Result "0-1"]
[WhiteElo "2003"]
[BlackElo "1719"]
[PlyCount "58"]
[EventDate "2021.04.07"]
[EventType "swiss"]
[EventRounds "9"]
[EventCountry "ROU"]
[SourceTitle "EXT 2022"]
[Source "ChessBase"]
[SourceDate "2021.10.06"]
[SourceVersion "1"]
[SourceVersionDate "2021.10.06"]
[SourceQuality "1"]

1. e4 c5 2. Nc3 Nc6 3. Bb5 g6 4. Bxc6 dxc6 5. f4 Nf6 6. Nf3 Bg7 7. d3 0-0 8. 0-0 Bg4 9. Qe1 Bxf3 10. Rxf3 c4 11. f5 Ng4 12. Qh4 Ne5 13. Rh3 h5 14. Be3 cxd3 15. cxd3 Ng4 16. Kh1 Qxd3 17. Bg5 Qc2 18. Rf1 Qxb2 19. Nd1 Qb5 20. Re1 Bf6 21. Rg3 Bxg5 22. Qxg5 Qe5 23. Rxg4 hxg4 24. Nf2 Qf6 25. Qf4 g5 26. Qxg4 Qg7 27. Qh5 f6 28. Ng4 Qh7 29. Nh6+ Kg7 0-1